| 000 | 00000nam 2200000zi 4500 |
| 001 | 9.948089 |
| 003 | CaOODSP |
| 005 | 20250324113538 |
| 006 | m o d f |
| 007 | cr cn |||||||| |
| 008 | 250217t20252025nscab o f000 0 eng d |
| 020 | |a9780660758091 |
| 040 | |aCaOODSP|beng|erda|cCaOODSP |
| 041 | |aeng|bfre |
| 043 | |an-cn--- |
| 086 | 1 |aFs97-6/3681E-PDF |
| 100 | 1 |aGordon, Donald C., |eauthor. |
| 245 | 12|aA log of the CSS/CCGS Hudson 1963-2022 / |cDonald C. Gordon, Pierre M. Clement, David L. McKeown, and Keith Manchester. |
| 264 | 1|aDartmouth, Nova Scotia : |bFisheries and Oceans Canada, Bedford Institute of Oceanography, |c2025. |
| 264 | 4|c©2025 |
| 300 | |a1 online resource (viii, 235 pages) : |billustrations, maps. |
| 336 | |atext|btxt|2rdacontent |
| 337 | |acomputer|bc|2rdamedia |
| 338 | |aonline resource|bcr|2rdacarrier |
| 490 | 1 |aCanadian technical report of fisheries and aquatic sciences, |x1488-5379 ; |v3681 |
| 520 | |a"The CSS/CCGS Hudson was the primary Canadian offshore oceanographic research vessel at the Bedford Institute of Oceanography (BIO) for fifty-nine years until she was retired in 2022. She was designed to be capable of working in all the world’s oceans throughout the year with a specific focus on the North Atlantic and adjacent ice-invested arctic waters. Hudson was able to comfortably accommodate a large and diverse scientific contingent and conduct oceanographic research programs in the open ocean under most weather conditions. Hudson’s significant endurance enabled her to travel far and stay at sea for extended periods. From 1963 to 2022 she conducted 495 scientific cruises in the North Atlantic, South Atlantic, Pacific and Arctic Oceans. A description of the vessel is provided followed by year-by-year brief summaries of each individual cruise including details such as area of operation, scientific objectives, equipment used, ports visited and any interesting observations and events. Accompanying each yearly summary is a composite track plot"--Abstract, page vii. |
| 546 | |aIncludes abstract in French. |
| 650 | 0|aResearch vessels|zNorth Atlantic Ocean. |
| 650 | 0|aOceanography|xResearch|zNorth Atlantic Ocean. |
| 650 | 6|aNavires de recherche|zAtlantique Nord. |
| 650 | 6|aOcéanographie|xRecherche|zAtlantique Nord. |
| 710 | 1 |aCanada. |bDepartment of Fisheries and Oceans, |eissuing body. |
| 710 | 2 |aBedford Institute of Oceanography, |eissuing body. |
| 830 | #0|aCanadian technical report of fisheries and aquatic sciences ;|v3681.|w(CaOODSP)9.504449 |
| 856 | 40|qPDF|s5.60 MB|uhttps://publications.gc.ca/collections/collection_2025/mpo-dfo/fs97-6/Fs97-6-3681-eng.pdf |